<?xml version="1.0" encoding="UTF-8"?>
<record
    xmlns:xsi="http://www.w3.org/2001/XMLSchema-instance"
    xsi:schemaLocation="http://www.loc.gov/MARC21/slim http://www.loc.gov/standards/marcxml/schema/MARC21slim.xsd"
    xmlns="http://www.loc.gov/MARC21/slim">

  <leader>00684nam a22001337a 4500</leader>
  <datafield tag="040" ind1=" " ind2=" ">
    <subfield code="c">RUA</subfield>
  </datafield>
  <datafield tag="082" ind1=" " ind2=" ">
    <subfield code="a">AVM CHE 2013 B110 Or.1</subfield>
  </datafield>
  <datafield tag="100" ind1=" " ind2=" ">
    <subfield code="a">CHEANG, KOUNGYONG.</subfield>
  </datafield>
  <datafield tag="245" ind1=" " ind2=" ">
    <subfield code="a">Survey on pig diseases in company BVB INVESTMENT CORP at santuk district kampong thom province, &#x1780;&#x17B6;&#x179A;&#x17A2;&#x1784;&#x17D2;&#x1780;&#x17C1;&#x178F;&#x179B;&#x17BE;&#x1787;&#x17C6;&#x1784;&#x17BA;&#x178A;&#x17C2;&#x179B;&#x1787;&#x17BD;&#x1794;&#x1794;&#x17D2;&#x179A;&#x1791;&#x17C7;&#x179B;&#x17BE;&#x1787;&#x17D2;&#x179A;&#x17BC;&#x1780;&#x1793;&#x17C5;&#x1780;&#x17D2;&#x179A;&#x17BB;&#x1798;&#x17A0;&#x17CA;&#x17BB;&#x1793;BVB INVESTMENT CORP&#x1793;&#x17C5;&#x179F;&#x17D2;&#x179A;&#x17BB;&#x1780;&#x179F;&#x1793;&#x17D2;&#x1791;&#x17BB;&#x1780; &#x1781;&#x17C1;&#x178F;&#x17D2;&#x178F;&#x1780;&#x17C6;&#x1796;&#x1784;&#x17CB;&#x1792;&#x17C6;</subfield>
  </datafield>
  <datafield tag="260" ind1=" " ind2=" ">
    <subfield code="a">Phnom Penh</subfield>
    <subfield code="b">RUA</subfield>
    <subfield code="c">2013</subfield>
  </datafield>
  <datafield tag="300" ind1=" " ind2=" ">
    <subfield code="a">viii; 43p.</subfield>
    <subfield code="b">ill.</subfield>
    <subfield code="c">29cm.</subfield>
  </datafield>
  <datafield tag="856" ind1=" " ind2=" ">
    <subfield code="u">https://drive.google.com/file/d/1JzJci3nC2LYOPGOWr1DPVS1ehb7RyKWV/view?usp=sharing</subfield>
  </datafield>
  <datafield tag="942" ind1=" " ind2=" ">
    <subfield code="c">AVM</subfield>
  </datafield>
  <datafield tag="999" ind1=" " ind2=" ">
    <subfield code="c">2731</subfield>
    <subfield code="d">2731</subfield>
  </datafield>
  <datafield tag="952" ind1=" " ind2=" ">
    <subfield code="0">0</subfield>
    <subfield code="1">0</subfield>
    <subfield code="2">ddc</subfield>
    <subfield code="4">0</subfield>
    <subfield code="6">AVM_CHE_2013_000000000000000_B110_OR_1</subfield>
    <subfield code="7">0</subfield>
    <subfield code="9">13050</subfield>
    <subfield code="a">LBB</subfield>
    <subfield code="b">LBB</subfield>
    <subfield code="c">B110</subfield>
    <subfield code="d">2015-10-26</subfield>
    <subfield code="o">AVM CHE 2013 B110 Or.1</subfield>
    <subfield code="p">RUA015419</subfield>
    <subfield code="r">2015-10-26</subfield>
    <subfield code="w">2015-10-26</subfield>
    <subfield code="y">AVM</subfield>
  </datafield>
  <datafield tag="952" ind1=" " ind2=" ">
    <subfield code="0">0</subfield>
    <subfield code="1">0</subfield>
    <subfield code="2">ddc</subfield>
    <subfield code="4">0</subfield>
    <subfield code="6">AVM_CHE_2013_000000000000000_B110_OR_2</subfield>
    <subfield code="7">0</subfield>
    <subfield code="9">13051</subfield>
    <subfield code="a">LBB</subfield>
    <subfield code="b">LBB</subfield>
    <subfield code="c">B110</subfield>
    <subfield code="d">2015-10-26</subfield>
    <subfield code="o">AVM CHE 2013 B110 Or.2</subfield>
    <subfield code="p">RUA018366</subfield>
    <subfield code="r">2015-10-26</subfield>
    <subfield code="w">2015-10-26</subfield>
    <subfield code="y">AVM</subfield>
  </datafield>
  <datafield tag="952" ind1=" " ind2=" ">
    <subfield code="0">0</subfield>
    <subfield code="1">0</subfield>
    <subfield code="2">ddc</subfield>
    <subfield code="4">0</subfield>
    <subfield code="6">AVM_CHE_2013_000000000000000_B110_OR_3</subfield>
    <subfield code="7">0</subfield>
    <subfield code="9">13052</subfield>
    <subfield code="a">LBB</subfield>
    <subfield code="b">LBB</subfield>
    <subfield code="c">B110</subfield>
    <subfield code="d">2015-10-26</subfield>
    <subfield code="o">AVM CHE 2013 B110 Or.3</subfield>
    <subfield code="p">RUA015582</subfield>
    <subfield code="r">2015-10-26</subfield>
    <subfield code="w">2015-10-26</subfield>
    <subfield code="y">AVM</subfield>
  </datafield>
  <datafield tag="952" ind1=" " ind2=" ">
    <subfield code="0">0</subfield>
    <subfield code="1">0</subfield>
    <subfield code="2">ddc</subfield>
    <subfield code="4">0</subfield>
    <subfield code="6">AVM_CHE_2013_000000000000000_B110_OR_4</subfield>
    <subfield code="7">0</subfield>
    <subfield code="9">13053</subfield>
    <subfield code="a">LBB</subfield>
    <subfield code="b">LBB</subfield>
    <subfield code="c">B110</subfield>
    <subfield code="d">2015-10-26</subfield>
    <subfield code="o">AVM CHE 2013 B110 Or.4</subfield>
    <subfield code="p">RUA011289</subfield>
    <subfield code="r">2015-10-26</subfield>
    <subfield code="w">2015-10-26</subfield>
    <subfield code="y">AVM</subfield>
  </datafield>
  <datafield tag="952" ind1=" " ind2=" ">
    <subfield code="0">0</subfield>
    <subfield code="1">0</subfield>
    <subfield code="2">ddc</subfield>
    <subfield code="4">0</subfield>
    <subfield code="6">AVM_CHE_2013_000000000000000_B110_OR_5</subfield>
    <subfield code="7">0</subfield>
    <subfield code="9">37010</subfield>
    <subfield code="a">LBB</subfield>
    <subfield code="b">LBB</subfield>
    <subfield code="c">B110</subfield>
    <subfield code="d">2016-02-03</subfield>
    <subfield code="l">3</subfield>
    <subfield code="o">AVM CHE 2013 B110 Or.5</subfield>
    <subfield code="p">RUA41305</subfield>
    <subfield code="r">2016-08-22</subfield>
    <subfield code="s">2016-07-27</subfield>
    <subfield code="w">2016-02-03</subfield>
    <subfield code="y">AVM</subfield>
  </datafield>
  <datafield tag="952" ind1=" " ind2=" ">
    <subfield code="0">0</subfield>
    <subfield code="1">0</subfield>
    <subfield code="2">ddc</subfield>
    <subfield code="4">0</subfield>
    <subfield code="6">AVM_CHE_2013_000000000000000_B1_230_OR_1</subfield>
    <subfield code="7">0</subfield>
    <subfield code="9">79466</subfield>
    <subfield code="a">LBB</subfield>
    <subfield code="b">LBB</subfield>
    <subfield code="c">B1.230</subfield>
    <subfield code="d">2019-07-15</subfield>
    <subfield code="o">AVM CHE 2013 B1.230 Or.1</subfield>
    <subfield code="p">A40421</subfield>
    <subfield code="r">2019-07-15</subfield>
    <subfield code="w">2019-07-15</subfield>
    <subfield code="y">AVM</subfield>
  </datafield>
</record>
